000 00566nam a22001457a 4500
005 20250206171134.0
008 241026b |||||||| |||| 00| 0 eng d
100 _aRoizen, Michael F.
_eauthor.
_963495
245 _aThe big idea :
_blive longer by living younger /
_cMichael F. Roizen.
260 _aWashington ;
_bNational Geographic Partners, LLC.,
_cOctober 2022.
300 _avolume 241, pages 15-19,
_billustration.
500 _aNational Geographic, v. 242, n. 4, pages 15-19, September 2022.
700 _aRoizen, Michael F.
_eauthor.
_963496
942 _2ddc
_cPER
999 _c22939
_d22939